000 00639nam a2200277Ia 4500
005 20260324124849.0
008 008 260324s9999 xx 000 0 eng d
020 _a9781003577973
037 _aEBOOK
040 _aCRL
040 _beng
040 _cCRL
041 _2eng
041 _aeng
084 _qCRL
100 _aLisa Dorn
_91167209
245 0 _aDriver Behaviour and Training: Volume 4
260 _bTaylor and Francis
260 _c2010
365 _a
365 _b59.99
856 _uhttp://www.taylorfrancis.com/books/9781003577973
942 _cEBOOK
999 _c1770552
_d1770552